| 000 | 00922nam a22002537a 4500 | ||
|---|---|---|---|
| 003 | DO-SdBPM | ||
| 005 | 20250313122522.0 | ||
| 008 | 151117b2007 cl |||| 00| 0 spa d | ||
| 020 | _a9789583009211 | ||
| 040 |
_aDO-SdBPM _bspa _cBPMSU |
||
| 082 | 4 |
_a839.81 _bA544u 2007 _222 |
|
| 100 | 1 |
_aAndersen, Hans Christian, _c1805-1875. |
|
| 245 | 1 | 0 |
_aUna pareja de enamorados / _cHans Christian Andersen ; ilustraciones Javier Fernando Porras |
| 260 |
_aBogotá, Colombia : _b Panamericana Formas e Impresos, _c2007 |
||
| 300 |
_avarias paginaciones . : _bilustraciones ; _c19 cm. |
||
| 490 | 0 |
_aBiblioteca del cuento _v |
|
| 500 | _aIncluye datos biográficos del autor. | ||
| 590 | _aInventariado, 2025/VM | ||
| 650 | 4 | _a Cuentos infantiles daneses | |
| 650 | 4 | _aLibros ilustrados para niños | |
| 700 | 1 |
_aPorras, Javier Fernando _eilustración |
|
| 910 | _aVMateo V. Control de calidad. BPMSU | ||
| 942 |
_2ddc _cBK |
||
| 999 |
_c15000 _d15000 |
||